Indonesia First Level Subdivisions - Statistics

General Stats
  • This quiz has been taken 216 times
  • The average score is 23 of 34
Answer Stats
Provinsi % Correct
Bali
87%
East Java
86%
Jakarta
85%
West Java
85%
North Sulawesi
83%
South Sulawesi
83%
Central Java
80%
East Kalimantan
80%
North Sumatra
80%
West Kalimantan
80%
South Sumatra
78%
Papua
77%
West Sulawesi
76%
North Kalimantan
75%
South Kalimantan
75%
Aceh
73%
Central Kalimantan
72%
Central Sulawesi
72%
West Sumatra
71%
West Papua
67%
Yogyakarta
64%
Riau
59%
Southeast Sulawesi
56%
East Nusa Tenggara
55%
West Nusa Tenggara
55%
Banten
51%
Lampung
51%
Maluku
48%
North Maluku
47%
Jambi
44%
Riau Islands
44%
Gorontalo
43%
Bengkulu
40%
Bangka Belitung Islands
32%
No matching quizzes found
Score Distribution
Percent of People with Each Score
Percentile by Number Answered
Your Score History
You have not taken this quiz